लक्ष्य / (Record no. 50016)

MARC details
000 -LEADER
fixed length control field 01423nam a22003017a 4500
005 - DATE AND TIME OF LATEST TRANSACTION
control field 20101206113148.0
008 - FIXED-LENGTH DATA ELEMENTS--GENERAL INFORMATION
fixed length control field 101206t xxu||||| |||| 00| 0 hin d
010 ## - LCCN (DPL NO)
LC control number HIN-91578
020 ## - INTERNATIONAL STANDARD BOOK NUMBER
Terms of availability 175.00
International Standard Book Number 9788183221788
035 ## - SYSTEM CONTROL NUMBER
System control number HN-63924
037 ## - SOURCE OF ACQUISITION
Source of stock number/acquisition DBAD/VEN
040 ## - CATALOGING SOURCE
Original cataloging agency DPL
Language of cataloging HN
100 ## - MAIN ENTRY--PERSONAL NAME
9 (RLIN) 24598
Personal name ट्रेसी, ब्रायन
245 ## - TITLE STATEMENT
Title लक्ष्य /
Statement of responsibility, etc ब्रायन ट्रेसी ;सुधीर दीक्षित द्वारा अनुदित
246 ## - VARYING FORM OF TITLE
Title proper/short title lakshay
Remainder of title Brian Tracy
260 ## - PUBLICATION, DISTRIBUTION, ETC. (IMPRINT)
Place of publication, distribution, etc भोपाल
Name of publisher, distributor, etc मंजुल पब्लिशिंग हाउस
Date of publication, distribution, etc 2010
270 ## - ADDRESS
Address 42 मालवीय नगर
City भोपाल
Postal code 462003
Telephone number 91 755 4240340
Fax number 91 755 4055791
Electronic mail address manjul@manjulindia.com
300 ## - PHYSICAL DESCRIPTION
Extent 169पृ.
Dimensions 22सेमी (अजिल्द)
500 ## - GENERAL NOTE
General note हर मनचाही चीज़ कैसे पाएँ और उम्मीद से जल्दी पाएँ
650 ## - SUBJECT ADDED ENTRY--TOPICAL TERM
9 (RLIN) 1169
700 ## - ADDED ENTRY--PERSONAL NAME
9 (RLIN) 24599
Personal name दीक्षित, सुधीर
700 ## - ADDED ENTRY--PERSONAL NAME
9 (RLIN) 25390
700 ## - ADDED ENTRY--PERSONAL NAME
9 (RLIN) 25450
700 ## - ADDED ENTRY--PERSONAL NAME
9 (RLIN) 25451
942 ## - ADDED ENTRY ELEMENTS (KOHA)
Source of classification or shelving scheme Dewey Decimal Classification
Item type Hindi Books
Call number suffix 158.1ट्रेसीब्रा
Holdings
Withdrawn status Lost status Source of classification or shelving scheme Damaged status Not for loan Collection code Home library Current library Date acquired Source of acquisition Cost, normal purchase price Total Checkouts Full call number Barcode Date last seen Copy number Cost, replacement price Koha item type
    Dewey Decimal Classification   Not For Loan Non-fiction D.B.Act.Division D.B.Act.Division 21/01/2011 DBAD /PUB 175.00   158.1ट्रेसीब्रा HN-63924 21/01/2011 1 175.00 Hindi Books

© Delhi Public Library
Hit Counter
free hit counter